000 00688nam a22001937a 4500
008 170425b xxu||||| |||| 00| 0 eng d
020 _a9715502210
082 _21996
_aDFil 899.214
_bD88
245 _aDulaang Hiligaynon/
_cCompiled by Rosario C. Lucero; Translated by Ricardo Oebanda, Jr., and Rosario C. Lucero
260 _aQuezon City:
_bADMU Press,
_cc1996.
300 _avii, 392 pages;
_c18 cm.
500 _aIncludes glossary.
650 0 _920241
_aHiligaynon drama.
650 0 _920242
_aPhilippine literature - -- Drama.
700 _920243
_aOebanda, Ricardo, Jr.
_eTranslator
700 _920244
_aLucero, Rosario C.
_eTranslator
365 _b330.00
_cPhp.
942 _2ddc
_cDFIL
999 _c6680
_d6680